Beneficencia : artículos, conferencias, informes, memorias, comunicaciones, ponencias / por Francisco Puig y Alfonso artículos, conferencias, informes, memorias, comunicaciones, ponencias / por Francisco Puig y Alfonso
Descripción Física:
380 p. ; 23 cm
Materias:
Beneficència -- Barcelona (Catalunya)
; Assistència institucional -- Barcelona
; Serveis socials -- Barcelona (Catalunya : Província)
Idioma:
Indic (Other)
MARC
| LEADER | 00000nam a2200000Ia 4500 | ||
|---|---|---|---|
| 001 | 14633 | ||
| 008 | 160829s1927 ( Barcelona : Casa Provincial de Caridad) xx 000 0 cat d | ||
| 080 | |a M-4-251 | ||
| 100 | |a Puig i Alfonso, Francesc |9 25306 | ||
| 245 | |a Beneficencia : |b artículos, conferencias, informes, memorias, comunicaciones, ponencias / por Francisco Puig y Alfonso | ||
| 260 | |a Barcelona : |b [s.n.], |c 1927 ( Barcelona : Casa Provincial de Caridad) | ||
| 300 | |a 380 p. ; |c 23 cm | ||
| 650 | 0 | |a Beneficència |z Barcelona (Catalunya) |9 39138 | |
| 650 | |a Assistència institucional |x Barcelona |9 25308 | ||
| 650 | 0 | |a Serveis socials |x Barcelona (Catalunya : Província) |9 25309 | |
| 901 | |a Arxiu | ||
| 942 | |n 1 | ||
| 952 | |0 0 |1 0 |4 0 |6 M4251 |7 1 |9 43544 |a Arxiu |b Arxiu |d 2016-12-01 |l 0 |o M-4-251 |p 14633 |r 2016-12-01 00:00:00 |w 2016-12-01 |y ARXIU | ||
| 999 | |c 46090 |d 46090 | ||